Countries with the Fastest Internet - Statistics

General Stats
  • This quiz has been taken 79 times
  • The average score is 14 of 20
Answer Stats
Mbit/s Country % Correct
191.97 United States
96%
167.18 Japan
92%
241.58 South Korea
90%
169.00 Sweden
88%
159.99 Norway
86%
172.95 China
84%
192.25 France
84%
210.71 Denmark
81%
245.50 Singapore
81%
186.40 Spain
79%
188.69 Switzerland
78%
154.26 Luxembourg
73%
163.85 Taiwan
73%
193.79 Liechtenstein
66%
220.35 Monaco
58%
191.23 Andorra
53%
206.81 Thailand
47%
176.48 Chile
30%
193.80 Hungary
30%
214.33 Romania
29%
No matching quizzes found
Score Distribution
Percent of People with Each Score
Percentile by Number Answered
Your Score History
You have not taken this quiz